000
00212nam a22000977a 4500
003
SGT
245
_a
Journal of Pathology & Medicine
260
_b
Wiley Publisher
_c
2014,2017
300
_a
765,1040
942
_2
ddc
_c
BV
999
_c
30244
_d
30244